| Tag |
First Indicator |
Second Indicator |
Subfields |
| LEADER |
00000cam a2200000Ia 4500 |
| 001 |
in00002070310 |
| 005 |
20151102050641.0 |
| 008 |
050712s2005 maua 000 0 eng d |
| 020 |
|
|
|a 1566565855
|
| 024 |
3 |
0 |
|a 9781566565851
|
| 035 |
|
|
|a (OCoLC)ocm60846891
|
| 040 |
|
|
|a IEF
|c IEF
|d UtOrBLW
|
| 049 |
|
|
|a TXAM
|
| 082 |
0 |
4 |
|a 641.5946
|2 22
|
| 090 |
|
|
|a TX723.5.S7
|b H96 2005
|
| 100 |
1 |
|
|a Hyman, Clarissa.
|
| 245 |
1 |
4 |
|a The Spanish kitchen :
|b regional ingredients, recipes and stories from Spain /
|c Clarissa Hyman; food photography by Peter Cassidy.
|
| 264 |
|
1 |
|a Northampton, Mass. :
|b Interlink Books,
|c [2005]
|
| 264 |
|
4 |
|c ©2005
|
| 300 |
|
|
|a 160 pages :
|b color illustrations ;
|c 27 cm.
|
| 336 |
|
|
|a text
|b txt
|2 rdacontent
|
| 337 |
|
|
|a unmediated
|b n
|2 rdamedia
|
| 338 |
|
|
|a volume
|b nc
|2 rdacarrier
|
| 650 |
|
0 |
|a Cooking, Spanish.
|
| 650 |
|
0 |
|a Food habits
|z Spain.
|
| 651 |
|
0 |
|a Spain
|x Social life and customs.
|
| 700 |
1 |
|
|a Cassidy, Peter.
|
| 945 |
|
|
|i PromptCat
|
| 946 |
|
|
|a west,stk
|
| 947 |
|
|
|a A14832666261
|
| 994 |
|
|
|a 92
|b TXA
|
| 948 |
|
|
|a cataloged
|b h
|c 2005/7/28
|d c
|e bwalker
|f 11:41:46 am
|
| 999 |
|
|
|a MARS
|
| 999 |
f |
f |
|s d5fae91f-0cb3-386a-ab08-9f8c1ad66374
|i d150d090-8b3c-335b-81da-aa000653b6ff
|t 0
|
| 952 |
f |
f |
|p normal
|a Texas A&M University
|b College Station
|c Sterling C. Evans Library
|d Evans: Library Stacks
|t 0
|e TX723.5.S7 H96 2005
|h Library of Congress classification
|i unmediated -- volume
|m A14832666261
|
| 998 |
f |
f |
|a TX723.5.S7 H96 2005
|t 0
|l Evans: Library Stacks
|